000 00728nas a2200241 4500
001 BR0103073
003 BR-BrBNA
005 20231205102320.0
007 ta
008 230509b bl.|||p| |||| 00| 00por d
040 _aBR-BrBNA
_bpor
_cBiblioteca Nacional de Agricultura
041 _a(Pt)
072 _aL73
100 1 _aSiqueira, C.S.
245 1 _aAcao patogenica das peconhas dos tanatofidios do Rio Grande do Sul
650 _aCobra Peconhenta
650 _aPatogenicidade
650 _aTaxonomia Animal
650 _aRio Grande do Sul
773 0 _tHora Veterinaria (Brazil)
_xISSN 0101-9163
_g(Nov-Dec 2000), v. 20(118) p. 49-54
_wBR0103073
909 _a202311
_bLúcia
_c55
_dLúcia Elande
942 _2AGRIS
_n0
_cANA
999 _c166939
_d166939